ŘÍDÍCÍ PRÁCE ŘEDITELKY DĚTSKÉHO DOMOVA (Některé zkušenosti)

Bibliographic Details
Main Author: Larinová, Alice (Author)
Format: Article
Language:Czech

MARC

LEADER 00000nab a2200000uu 4500
001 vtls011488064
003 SK-MaSNL
005 20260303105349.0
008 230121| xo |||||||||||||||||cze|
015 |a SNBRB 
035 |a (urnnbn)urn:nbn:sk:snk:ar-007cs2 
035 |a (uuid)ab6aab5b-e8ec-4dc1-95d8-21ba76ecf4b4 
035 |a urn:nbn:sk:snk-abddtl 
040 |a SNKBUCL  |b slo  |c SNKBUCL  |e AACR2 
041 0 |a cze 
044 |a xo  |c SK 
100 1 |a Larinová, Alice  |4 aut  |9 1120542 
245 1 0 |a ŘÍDÍCÍ PRÁCE ŘEDITELKY DĚTSKÉHO DOMOVA  |b (Některé zkušenosti)  |c Alice Larinová 
773 0 |t Vychovávateľ  |g Roč. 21, č. 7 (1976-1977), s. 212-214 
958 |a OND 
958 |a EUIPO 
958 |a article18 
999 |c 1862585  |d 1864515